Tìm hiểu về lịch sử Đảng cộng sản Việt Nam
Trình bày một cách có hệ thống dưới dạng hỏi đáp về những sự kiện và vấn đề cơ bản, quan trọng trong quá trình phát triển lịch sử Đảng cộng sản Việt Nam .
Đã lưu trong:
| 主要作者: | |
|---|---|
| 其他作者: | |
| 格式: | 图书 |
| 语言: | Undetermined |
| 出版: |
H.
Công an nhân dân
2020
|
| 主题: | |
| 在线阅读: | http://lrc.tdmu.edu.vn/opac/search/detail.asp?aID=2&ID=41370 |
| 标签: |
添加标签
没有标签, 成为第一个标记此记录!
|
| Thư viện lưu trữ: | Trung tâm Học liệu Trường Đại học Thủ Dầu Một |
|---|
| LEADER | 01016nam a2200217Ia 4500 | ||
|---|---|---|---|
| 001 | TDMU_41370 | ||
| 008 | 210410s9999 xx 000 0 und d | ||
| 082 | |a 658.4092 | ||
| 090 | |b V500 | ||
| 100 | |a Vũ, Ngọc Lương | ||
| 245 | 0 | |a Tìm hiểu về lịch sử Đảng cộng sản Việt Nam | |
| 245 | 0 | |c Vũ Ngọc Lương (ch.b.)...[và những người khác] | |
| 260 | |a H. | ||
| 260 | |b Công an nhân dân | ||
| 260 | |c 2020 | ||
| 300 | |a 239tr. | ||
| 520 | |a Trình bày một cách có hệ thống dưới dạng hỏi đáp về những sự kiện và vấn đề cơ bản, quan trọng trong quá trình phát triển lịch sử Đảng cộng sản Việt Nam . | ||
| 650 | |a Lịch sử |x Đảng Cộng sản Việt Nam |v Hỏi đáp | ||
| 700 | |a Phùng, Thị Hiển | ||
| 856 | |u http://lrc.tdmu.edu.vn/opac/search/detail.asp?aID=2&ID=41370 | ||
| 980 | |a Trung tâm Học liệu Trường Đại học Thủ Dầu Một | ||